Normal view
MARC view
- Papacy
Entry Topical Term
001 - CONTROL NUMBER
- control field: 50622
003 - CONTROL NUMBER IDENTIFIER
- control field: NUST
005 - DATE AND TIME OF LATEST TRANSACTION
- control field: 20210314134711.0
008 - FIXED-LENGTH DATA ELEMENTS
- fixed length control field: 210314|| aca||aabn | a|a d
040 ## - CATALOGING SOURCE
- Original cataloging agency: NUST
- Transcribing agency: NUST
150 ## - HEADING--TOPICAL TERM
- Topical term or geographic name entry element: Papacy
670 ## - SOURCE DATA FOUND
- Source citation: Work cat.: (NUST): Tout, T. F. 50621, The empire and the papacy, 1909.
